[Event "Landsturneringen 2015"]
[Site "Oslo NOR"]
[Date "2015.07.04"]
[Round "1"]
[White "Munk, Peter Scott"]
[Black "Bø, Martin"]
[Result "1/2-1/2"]
[WhiteElo "1007"]
[BlackElo "1150"]
[Annotator "Martin,Bø"]
[PlyCount "150"]
[EventDate "2015.07.04"]

1. d4 Nf6 2. Nf3 d5 3. c4 c6 4. h3 {Passivt} e6 5. Bg5 Be7 6. e3 O-O 7. Nc3 h6
8. Bh4 Nbd7 9. Bd3 dxc4 10. Bxc4 b6 11. Qc2 Bb7 12. O-O-O b5 13. Be2 b4 14. Na4
Qc8 {Vil ha dama ut av c-linja. Bedre den står bedre på a5 enn c8} 15. Ne5 Nd5
16. Bxe7 Nxe7 17. Nxd7 Qxd7 18. Qc4 Qd6 19. Nc5 Rab8 20. Qxb4 Ba6 21. Qd2 Bxe2
22. Qxe2 Qd5 {[%emt 0:00:18] Regna meg frem til at Dd5 skulle vinne bonden
tilbake med dobbeltangrep på a2 og g2, men overså den enkle Sd7 gaffelen, da
jeg begynte å regne i trekk} 23. b3 Qxg2 $2 24. Nd7 Nd5 25. Kb2 a5 26. Nxf8
Kxf8 27. a3 Qg5 28. Rc1 Qe7 29. Qc4 Rb6 30. Qc5 a4 31. Qxe7+ Kxe7 32. b4 Kd6
33. Rc5 Ra6 34. Rhc1 f5 35. Kc2 g5 36. Kd3 Nf6 37. b5 cxb5 38. Rxb5 h5 39. f3
g4 40. fxg4 fxg4 41. hxg4 hxg4 42. Rg1 Ra7 43. e4 Kc6 44. Rc5+ Kb6 45. e5 (45.
Rb1+ Ka6 46. Rc6+ Ka5 47. Rcb6 Rg7 48. R1b5#) 45... Nd5 46. Rxg4 $2 (46. Rb1+
Ka6 47. Rc6+ Ka5 {Matt annonseres}) 46... Rh7 47. Rg3 Rh2 $1 48. Ke4 Re2+ $1
49. Kf3 Rh2 50. Kg4 Rd2 51. Rc8 Rxd4+ 52. Kg5 Re4 53. Rg4 Rxe5+ 54. Kh6 Kb5 55.
Rb8+ Kc5 56. Rxa4 Re3 57. Ra5+ Kd6 58. Kg6 Rg3+ 59. Kf7 Rf3+ 60. Kg6 (60. Ke8
Nc7+ 61. Kd8 Rf8#) 60... Rg3+ 61. Kh5 Nf6+ 62. Kh4 Rg4+ 63. Kh3 Rc4 64. Rb6+
Rc6 65. Rxc6+ Kxc6 66. Kg3 Nd5 67. Kf3 Kb6 68. Ra8 Kb5 69. Ke4 Nc7 70. Rc8 Kb6
71. Ke5 Kb7 72. Rh8 Kc6 73. Rh7 Kb6 74. Kd6 $4 Nb5+ $1 75. Kxe6 Nxa3 1/2-1/2

[Event "Landsturneringen 2015"]
[Site "Oslo NOR"]
[Date "2015.07.04"]
[Round "1"]
[White "Ruud, Kjetil"]
[Black "Fuglseth, Jan"]
[Result "0-1"]
[WhiteElo "1318"]
[BlackElo "1435"]
[Annotator "Jan Fuglseth"]
[PlyCount "72"]
[EventDate "2015.07.04"]

{Det er synd å møte en klubbkamerat i første runde i en turnering begge har
sett frem til.} 1. e4 c6 {I klubbmesterskapet vant Jan med - e6. Denne gang
ble det - c6 i tilfelle Kjetil hadde lært noe av det.} 2. d4 d5 3. Nc3 dxe4 4.
Nxe4 Nf6 5. Nxf6+ gxf6 {Ikke så vanlig åpning, men den anbefales i "Bent
Larsen Sjakkskole 5 - Solide åpninger".} 6. Be3 Bf5 7. Nf3 e6 8. Nh4 Bg6 9.
Nxg6 hxg6 10. g3 {En unøyaktighet av hvit som sort umiddelbart straffer} Qd5
$15 11. f3 Bd6 12. c4 Qa5+ {= Sort har spilt bort fordelen} 13. Bd2 Qc7 14. f4
g5 15. c5 Be7 $14 16. Qe2 Nd7 17. O-O-O O-O-O 18. Qc4 f5 19. Bg2 g4 $11 20. Qa4
Kb8 21. Ba5 b6 22. cxb6 Nxb6 $14 {Planen var å slå med a-bonden men en
kortslutning under den innledende armbevegelsen medførte dette trekket. Lynet
slår samtidig ned i sikringsboksen til hvit så alt ble sort. Pling!} 23. Qxc6 (
23. Bxc6 Rc8) 23... Qxc6+ 24. Bxc6 Rc8 {Å ååå} 25. Bc3 Rxc6 26. Kb1 $17 Nd5 27.
Ba5 Bd8 28. Be1 Bb6 29. Rd3 Kc8 30. a4 a5 31. Bf2 Kd7 32. Ka2 {Det fantes
bedre trekk} Nb4+ 33. Kb3 Nxd3 34. h4 Nxf2 35. d5 exd5 36. Rh2 Ne4 {osv} 0-1

[Event "Landsturneringen 2015"]
[Site "Oslo NOR"]
[Date "2015.07.04"]
[Round "1"]
[White "Solberg, Werner"]
[Black "Naasen, Nils"]
[Result "1-0"]
[WhiteElo "1414"]
[BlackElo "1290"]
[PlyCount "131"]
[EventDate "2015.07.04"]

1. e4 g6 2. d4 Bg7 3. c3 d6 4. Nf3 Nf6 5. Bd3 O-O 6. O-O c5 7. Be3 cxd4 8. cxd4
Ng4 9. Bg5 Nc6 10. h3 Nf6 11. Nc3 Bd7 12. Be3 e5 13. d5 Ne7 14. Qb3 b6 15. Rac1
Qb8 16. Rc2 Rc8 17. Rfc1 Ne8 18. Ba6 Rc7 19. Nb5 Rxc2 20. Rxc2 Qd8 21. Qc4 Bxb5
22. Bxb5 Rc8 23. Bc6 Nxc6 24. dxc6 Nc7 25. Ng5 Qe7 26. Nf3 h6 27. b4 Qe6 28.
Qd3 f5 29. Bc1 fxe4 30. Qxe4 d5 31. Qe1 e4 32. Nh2 Kh7 33. Bf4 d4 34. Bxc7 Rxc7
35. b5 d3 36. Rc1 Bd4 37. Nf3 Bxf2+ 38. Qxf2 e3 39. Qg3 Rc8 40. Qg4 Qxg4 41.
hxg4 Kg7 42. Rd1 d2 43. Kf1 Kf6 44. Ke2 Re8 45. Nxd2 exd2+ 46. Kxd2 Kg5 47. Re1
Rd8+ 48. Kc3 Kxg4 49. Re7 Ra8 50. Rd7 Kf5 51. Kd4 Ke6 52. Rd5 Rc8 53. Rd7 Ra8
54. Rg7 Kf6 55. Rh7 h5 56. Kd5 Rd8+ 57. Rd7 Rxd7+ 58. cxd7 Ke7 59. d8=Q+ Kxd8
60. Ke6 g5 61. Kf5 g4 62. Kg5 g3 63. Kxh5 Kd7 64. Kh4 Kd6 65. Kxg3 Kc5 66. a4
1-0

[Event "Landsturneringen 2015"]
[Site "Oslo NOR"]
[Date "2015.07.04"]
[Round "1"]
[White "Teigen, Tore"]
[Black "Thowsen, Alf Geir"]
[Result "1-0"]
[WhiteElo "1394"]
[BlackElo "1209"]
[PlyCount "100"]
[EventDate "2015.07.04"]

1. e4 c6 2. d4 d5 3. e5 e6 4. f4 Ne7 5. Nf3 Nd7 6. Be2 Nf5 7. Bd2 Be7 8. c3
Bh4+ 9. g3 Be7 10. Qc2 Qb6 11. Bd3 g6 12. Ke2 c5 13. Bxf5 gxf5 14. Be3 Qb5+ 15.
Kf2 Nb6 16. a4 Qc6 17. b3 h5 18. h4 Bd7 19. a5 Nc8 20. Nbd2 a6 21. Ra2 Na7 22.
Rc1 O-O-O 23. c4 Kb8 24. dxc5 dxc4 25. Nxc4 Bxc5 26. Nd4 Qc7 27. Nd2 Rc8 28.
Nxf5 exf5 29. Qxc5 Qxc5 30. Rxc5 Nb5 31. Rac2 Rxc5 32. Rxc5 Be6 33. b4 Rc8 34.
Rxc8+ Kxc8 35. Bc5 Kc7 36. Ke3 Kc6 37. Kd3 Bd5 38. Nf1 Be4+ 39. Ke3 Kd5 40. Nd2
Bc2 41. Nf3 Bb3 42. Ng5 Kc6 43. Kd2 Kd7 44. Nh7 Ke6 45. Nf6 Bd5 46. Nxh5 Bf3
47. Ng7+ Kd5 48. Nxf5 Ke4 49. Nd6+ Nxd6 50. exd6 Bg4 1-0

[Event "Landsturneringen 2015"]
[Site "Oslo NOR"]
[Date "2015.07.04"]
[Round "1"]
[White "Ugland, Torge"]
[Black "Lange, Holger"]
[Result "0-1"]
[WhiteElo "1415"]
[BlackElo "1596"]
[PlyCount "36"]
[EventDate "2015.07.04"]

1. e4 Nf6 2. Nc3 d5 3. exd5 Nxd5 4. Nxd5 Qxd5 5. d4 Nc6 6. c3 e5 7. dxe5 Qxd1+
8. Kxd1 Nxe5 9. Be2 Bf5 10. Nf3 O-O-O+ 11. Ke1 Nxf3+ 12. Bxf3 Bc5 13. Kf1 Rhe8
14. Bf4 Bd3+ 15. Kg1 Be2 16. a4 Bxf3 17. b4 Rd1+ 18. Rxd1 Bxd1 0-1

[Event "Landsturneringen 2015"]
[Site "Oslo NOR"]
[Date "2015.07.05"]
[Round "2"]
[White "Fuglseth, Jan"]
[Black "Lode, Steinar"]
[Result "1-0"]
[WhiteElo "1435"]
[BlackElo "1330"]
[Annotator "Jan Fuglseth"]
[PlyCount "105"]
[EventDate "2015.07.04"]

1. c4 e5 2. Nc3 Nf6 3. Nf3 Nc6 4. e3 d5 5. cxd5 Nxd5 6. Bb5 Nxc3 7. bxc3 {
Dette partiet ender opp med at to hvite bønder på de to sentrale linjene
marsjerer. Sort har allerede avgitt en sentrumsbonde og hjulpet hvit til å
manøvrere b-bonden til c-linjen} Bd6 8. d4 exd4 9. cxd4 {To sammenhengende
bønder mot ingen på senterlinjene og Ftitz bedømmerstillingen til =. Hmm} Bb4+
10. Bd2 Bxd2+ 11. Qxd2 Bd7 $18 12. O-O O-O 13. h3 Qf6 14. Qe2 {Springeren på
f3 kommer ikke noe sted. Nå kan han komme til d2 med flere valgmuligheter} a6
15. Ba4 $11 {d3 eller c4 hadde vært bedre destinasjoner} h6 16. Rfc1 b5 17. Bb3
{Der står den med ankerfeste} Rac8 18. Rc5 Rfe8 19. Rac1 Qd6 20. Qd3 {Hvit har
følelsen av å nedkjempe sort skritt for skritt (Fritz bekrefter)} Ne7 21. Ne5
Be6 22. Bc2 Bf5 23. e4 Bh7 24. Bb3 $18 {Hvit står til klar gevinst.} Rf8 {
Veksler mellom å velge Df3 for trusselen mot f7 eller f4. Fritz gir +3,8 etter
Df3 og kun 2,6 etter f4} 25. f4 $2 Ng6 26. Nxg6 Bxg6 {f5 vil nå gjøre susen
men hvit ser en fiks kombinasjon med å slå Lg6 fordi fxg er umulig pga Lb3.
Han er så fornøyd at hans vurderinger kun dreier seg om den øvre halvdelen av
brettet. Følg med på gjøken.} 27. Rc6 Qxf4 28. Rxg6 Qxc1+ $17 {Hakeslepp! Bør
jeg gå over til Boccia eller Ludo? Hvert trekk kan kommenteres men jeg må
unngå depresjoner. Tenk ditt.} 29. Kh2 Qf4+ 30. Kg1 c5 31. Qe2 c4 32. Rg4 Qd6
33. e5 {Husker du hva jeg sa om sentrumsbøndene? Nu børjar det!} Qe6 34. Bc2
Rfe8 35. Qe4 {Det er lov å prøve seg!} f5 36. Qxf5 Qxf5 37. Bxf5 {Sorts fordel
er redusert men han står fortsatt til vinst (-2,04)} Rc7 38. Bc2 c3 {Nervene
blir bedre, Fritz bekrefter med -1,25, men man skal fortsatt sloss. Tenk om
han hadde plassert et tårn i f-linjen. Nå får jeg sentralisert kongen og dens
støtte til sentrumsbøndene. Uten dette er det ingen mulighet for hvit} 39. Kf2
g5 40. Ke3 a5 41. h4 Rg7 42. h5 {Jeg har nå tro på at de to tidligere omtalte
sentrumbøndene er en fordel. (Fritz har ikke samme troen (-1, 81), men han er
bare en datamaskin(egentlig ikke det en gang - bare et lite program ))} Rd7 43.
Kd3 Rc7 {Kunne ha slått på e5 med suksess} 44. Re4 Kg7 $2 45. d5 Rc5 {I'm back.
Nå er stillingen =} 46. Kd4 Rc4+ 47. Ke3 Kf8 $4 {Nå står hvit til klar vinst
igjen. Noen pussige trekk kommer nå, men så ...} 48. d6 Re6 49. Kd3 Rxe4 50.
Kxe4 Ke8 51. Kd5 {to sidestilte bønder på 6. rad vinner som regel} Kd7 {Jøss}
52. Bf5 c2 53. Bxc2 {Her tar motstanderen et godt tak i kongen sin, løfter den
opp, tenker seg om og innser fadesen. 1-0 (Han taper uansett )} 1-0

[Event "Landsturneringen 2015"]
[Site "Oslo NOR"]
[Date "2015.07.05"]
[Round "2"]
[White "Cerkezovic, Emir"]
[Black "Ruud, Kjetil"]
[Result "1-0"]
[WhiteElo "1482"]
[BlackElo "1318"]
[PlyCount "123"]
[EventDate "2015.07.04"]

1. d4 Nf6 2. c4 e5 3. dxe5 Ng4 4. Nf3 Nc6 5. a3 Ngxe5 6. e3 a5 7. b3 Qf6 8. Ra2
Nxf3+ 9. Qxf3 Qxf3 10. gxf3 Ne5 11. Be2 b6 12. Rg1 Bb7 13. Nd2 d5 14. f4 Nd7
15. Bf3 Nf6 16. Bb2 O-O-O 17. Ra1 h5 18. Rc1 Rh7 19. h3 Be7 20. cxd5 Nxd5 21.
Nc4 Kb8 22. Ne5 f6 23. Nc6+ Bxc6 24. Rxc6 Bc5 25. Be4 g6 26. Bxd5 Rxd5 27. Rxf6
Rhd7 28. Kf1 Rd1+ 29. Kg2 R1d2 30. Bc1 R2d3 31. b4 axb4 32. axb4 Bxb4 33. Rxg6
h4 34. Kf3 Rh7 35. Bb2 Rdd7 36. f5 Kb7 37. f6 Rh5 38. R1g5 Rd5 39. Rxh5 Rxh5
40. Kg4 Rd5 41. Kxh4 Rd2 42. Be5 Rxf2 43. Rg7 Rf5 44. Rxc7+ Ka6 45. Bd4 Kb5 46.
Kg4 Rf1 47. h4 Rg1+ 48. Kf5 Rh1 49. Rh7 Kc6 50. h5 b5 51. Ke6 Bf8 52. Rh8 Ba3
53. f7 Rh3 54. h6 Kb7 55. Kd7 Rf3 56. Ke8 Bd6 57. f8=Q Bxf8 58. Rxf8 Rh3 59.
Rf6 b4 60. Kf7 b3 61. Kg7 Rh4 62. Rb6+ 1-0

[Event "Landsturneringen 2015"]
[Site "Oppsal arena, Oslo NOR"]
[Date "2015.07.05"]
[Round "2"]
[White "Ferkingstad, Per M"]
[Black "Lea, Per"]
[Result "1/2-1/2"]
[WhiteElo "1361"]
[BlackElo "1592"]
[Annotator "Lea, Per"]
[PlyCount "72"]
[EventDate "2015.07.04"]

1. e4 e5 2. f4 d5 {Falkbeers motgambit, som jeg har hatt på repertoaret siden
jeg ca 1965 fikk kjøpt et 40-siders hefte (forfatter: A. Hildebrand) om
varianten, uten at det har bragt de helt store suksessene, bortsett fra
Østlandsseriepartiet mot Åsmund Sem-Johansen i 2010} 3. exd5 e4 4. Nc3 ({
Sem-Johansen ville tviholde på bonden, ikke noen spesielt god plan:} 4. c4 Bc5
5. d4 exd3 6. Qxd3 Nf6 7. Be3 Qe7 8. Kd2 Ne4+ 9. Kc2 Bf5 10. Bxc5 Qxc5 11. Qe2
O-O 12. Kb3 Qb6+ 13. Ka3 Qa5+ 14. Kb3 Nc5#) (4. d3 {er nok vanligere}) 4... Nf6
5. d3 Bb4 6. Nge2 exd3 7. Qxd3 Qxd5 8. Qxd5 Nxd5 9. Bd2 {Så langt er partiet
identisk med Krenovsky-Blaha, spilt i en regionalturnering i daværende
Tsjekkoslovakia i 1973. Svart greide det jeg ikke greide: å vinne partiet.}
Nxc3 (9... Nf6 {[%emt 0:00:34] var Blahas valg, noe som kulimenerte med en
småpen kombinasjon som ga offisersgevinst i trekk}) 10. Bxc3 Bxc3+ 11. Nxc3 c6
12. Bd3 O-O 13. O-O Nd7 14. Ne4 Nb6 15. Nd6 ({Framtvinger avbytte av Lc8, men
det bruker springeren 5 trekk på, mens løperen ikke har vært flyttet. Hvit
burde nok heller ha prøvd} 15. Rae1) 15... Rd8 16. Nxc8 Raxc8 17. Rae1 Kf8 $2 {
Svart hadde egentlig utliknet, men her overså vi begge at hvit faktisk kan
spise h7-bonden} 18. Rf3 (18. Bxh7 Rd4 (18... g6 19. f5 Kg7 20. fxg6 fxg6 21.
Re7+ Kh6 22. Rf6 $18) 19. Bd3) 18... Nd5 19. a3 {Også her kunne hvit slå på h7}
g6 20. f5 Re8 21. Rxe8+ Kxe8 22. fxg6 hxg6 23. Bc4 Rd8 24. Kf2 Ke7 25. g4 Nf6
26. Ke2 Rd4 27. Bxf7 {Hvit finner kombinasjonen som gjør at han ikke mister en
bonde allikevel} Kxf7 28. g5 Rd6 29. gxf6 Rxf6 30. Rd3 Ke7 31. Re3+ Re6 32. Kf3
Rxe3+ 33. Kxe3 Kf6 34. h4 Kf5 35. Kf3 g5 36. hxg5 Kxg5 1/2-1/2

[Event "Landsturneringen 2015"]
[Site "Oslo NOR"]
[Date "2015.07.05"]
[Round "2"]
[White "Lange, Holger"]
[Black "Jacobsen, Hans-Henry"]
[Result "1-0"]
[WhiteElo "1596"]
[BlackElo "1678"]
[PlyCount "91"]
[EventDate "2015.07.04"]

1. e4 c5 2. Nf3 Nc6 3. d4 cxd4 4. Nxd4 g6 5. Be3 Bg7 6. Nc3 d6 7. Bb5 Bd7 8.
O-O Nf6 9. f3 O-O 10. Qd2 Nxd4 11. Bxd4 Bxb5 12. Nxb5 a6 13. Nc3 Rc8 14. Rac1
Qa5 15. Rfd1 Qb4 16. a3 Qa5 17. Nd5 Qxd2 18. Nxe7+ Kh8 19. Rxd2 Rc7 20. Nd5
Nxd5 21. Bxg7+ Kxg7 22. Rxd5 Rd8 23. c3 f6 24. Rcd1 Rcd7 25. c4 Kf7 26. b4 b6
27. Kf2 Ke6 28. Ke3 Rc8 29. R1d4 h5 30. f4 Ke7 31. e5 fxe5 32. fxe5 Rcd8 33.
exd6+ Rxd6 34. Rxd6 Rxd6 35. Rxd6 Kxd6 36. Kd4 g5 37. g3 Kc6 38. a4 Kd6 39. c5+
Kc6 40. cxb6 Kxb6 41. Kc4 Kc7 42. Kc5 Kb7 43. a5 g4 44. Kd6 Kb8 45. Kc6 Ka7 46.
Kc7 1-0

[Event "Landsturneringen 2015"]
[Site "Oslo NOR"]
[Date "2015.07.05"]
[Round "2"]
[White "Langmyhr, Tore"]
[Black "Furnes, Torstein"]
[Result "1-0"]
[WhiteElo "1874"]
[BlackElo "1663"]
[Annotator "Furnes, Torstein"]
[PlyCount "97"]
[EventDate "2015.07.04"]

1. c4 e5 2. Nf3 Nc6 3. Nc3 Nf6 4. d4 exd4 5. Nxd4 Ne5 6. e4 Bc5 7. Be2 O-O 8.
O-O b6 9. Kh1 Bb7 10. f4 Ng6 11. e5 Nh4 12. Nf3 ({Svart får bra spill etter} 
12. exf6 $2 Bxg2+ 13. Kg1 Qxf6 14. Be3 Rae8 15. Bf2 Bxf1 $19) 12... Ng4 (12...
Ne4 {er sterkere}) 13. Qe1 (13. Nxh4 Nxh2 14. Nf5 Nxf1 15. Bxf1 $16) 13... Nf5
14. Nd5 Bxd5 15. cxd5 Nfe3 16. Ng5 Nxf1 $2 $16 ({Bedre er} 16... f6 17. Ne4
fxe5 $11) 17. Bxg4 Nxh2 18. Kxh2 f6 19. Nf3 f5 20. Bh3 Qe7 21. Bd2 Qf7 22. d6 {
Legger en liten felle som jeg selvfølgelig burde ha sett.} cxd6 $4 23. b4 dxe5
24. Nxe5 Qd5 25. bxc5 bxc5 26. g3 Rab8 27. Bc3 Qe6 28. Nf3 Qc4 29. Qe5 Qf7 30.
Ng5 Qg6 31. Qxc5 Rbc8 32. Qd4 h6 33. Nf3 Qf7 34. Ne5 Qf6 35. Rd1 d6 36. Nd7
Qxd4 37. Bxd4 Rf7 38. Rd2 Rd8 39. Nf6+ gxf6 40. Bxf5 Kg7 41. Kh3 d5 42. Be6 Rb7
43. Kg4 Rd6 44. Kf5 a5 45. Bxf6+ Kh7 46. Ke5 Rbb6 47. f5 a4 48. g4 a3 49. g5
1-0

[Event "Landsturneringen 2015"]
[Site "Oslo NOR"]
[Date "2015.07.05"]
[Round "2"]
[White "Munk, Julian"]
[Black "Lange, Magnus Øyvind"]
[Result "1-0"]
[WhiteElo "1256"]
[BlackElo "823"]
[PlyCount "67"]
[EventDate "2015.07.04"]

1. e4 e5 2. Nf3 Nf6 3. Nc3 Nc6 4. Bc4 Be7 5. O-O O-O 6. d3 d6 7. h3 Bd7 8. Bd2
Qc8 9. Kh2 Nd8 10. Ne2 a5 11. a3 Ne6 12. c3 c5 13. Qc2 Qc7 14. Ba2 b5 15. Bd5
Ra6 16. c4 Nd4 17. Nexd4 exd4 18. Bf4 Ra7 19. Rfe1 bxc4 20. Bxc4 Bc6 21. Qe2
Qd7 22. e5 Bxf3 23. Qxf3 dxe5 24. Bxe5 Bd6 25. Kg1 Bxe5 26. Rxe5 Qd6 27. Rae1
Raa8 28. b3 h6 29. a4 Nd7 30. Rd5 Qc7 31. Re7 Rae8 32. Rdxd7 Rxe7 33. Rxc7 Rxc7
34. Bd5 1-0

[Event "Landsturneringen 2015"]
[Site "Oslo NOR"]
[Date "2015.07.05"]
[Round "2"]
[White "Naasen, Nils"]
[Black "Kroken, John Olav"]
[Result "1-0"]
[WhiteElo "1290"]
[BlackElo "1359"]
[PlyCount "67"]
[EventDate "2015.07.04"]

1. d4 f5 2. c4 g6 3. Nc3 Bg7 4. Nf3 Nf6 5. e3 d6 6. Bd3 O-O 7. O-O c6 8. b4 Qe8
9. Bb2 e5 10. dxe5 dxe5 11. e4 fxe4 12. Nxe4 Nxe4 13. Bxe4 Bg4 14. Qb3 Nd7 15.
c5+ Kh8 16. h3 Bxf3 17. Bxf3 Nf6 18. Rfe1 Nh5 19. Bxh5 gxh5 20. Qg3 Rf5 21.
Rad1 Qe7 22. f4 Rg8 23. fxe5 Rg5 24. Qe3 Rxg2+ 25. Kxg2 Bh6+ 26. Qg3 Rxg3+ 27.
Kxg3 h4+ 28. Kg2 Qg5+ 29. Kh1 Bg7 30. e6 Bf6 31. e7 Qf5 32. e8=Q+ Kg7 33. Qe7+
Kh6 34. Qxf6+ 1-0

[Event "Landsturneringen 2015"]
[Site "Oslo NOR"]
[Date "2015.07.05"]
[Round "2"]
[White "Thowsen, Alf Geir"]
[Black "Skaug, Thorbjørn"]
[Result "1/2-1/2"]
[WhiteElo "1209"]
[BlackElo "1093"]
[PlyCount "65"]
[EventDate "2015.07.04"]

1. d4 b5 2. e4 Bb7 3. d5 b4 4. c3 e6 5. dxe6 fxe6 6. Qh5+ g6 7. Qe5 Nf6 8. Bg5
Bg7 9. cxb4 O-O 10. Nc3 Ng4 11. Qxg7+ Kxg7 12. Bxd8 Nxf2 13. Bxc7 Nxh1 14. Bg3
Nxg3 15. hxg3 Nc6 16. b5 Ne5 17. O-O-O Rac8 18. Be2 Bxe4 19. Nf3 Nxf3 20. Rxd7+
Kh8 21. gxf3 Bxf3 22. Bxf3 Rxf3 23. Kd2 Rf2+ 24. Ke3 Rxb2 25. Ne4 Rxa2 26. Nf6
Rh2 27. Rxa7 Rb8 28. g4 g5 29. Re7 Rh1 30. Kf2 Rh6 31. Nh5 Rxh5 32. gxh5 Rxb5
33. h6 1/2-1/2

[Event "Landsturneringen 2015"]
[Site "Oslo NOR"]
[Date "2015.07.06"]
[Round "3"]
[White "Andersen, Guttorm"]
[Black "Lange, Holger"]
[Result "0-1"]
[WhiteElo "1670"]
[BlackElo "1596"]
[PlyCount "62"]
[EventDate "2015.07.04"]

1. d4 Nf6 2. c4 e6 3. Nf3 b6 4. e3 Bb7 5. Bd3 Bb4+ 6. Bd2 Qe7 7. O-O O-O 8. Qc2
h6 9. Bxb4 Qxb4 10. Nbd2 Na6 11. e4 d5 12. e5 dxc4 13. Nxc4 Nd5 14. Ne3 Nf4 15.
a3 Qe7 16. Be4 c5 17. Bxb7 Qxb7 18. Nc4 cxd4 19. Qd2 g5 20. Nd6 Qd5 21. Rfe1
Nc5 22. Qxd4 Qxd4 23. Nxd4 Ncd3 24. Re3 Nxb2 25. a4 Rfd8 26. Nc6 Rd7 27. Ne4
Rd3 28. Nf6+ Kg7 29. Ree1 Rc3 30. Rec1 Ne2+ 31. Kf1 Rxc1+ 0-1

[Event "Landsturneringen 2015"]
[Site "Oslo NOR"]
[Date "2015.07.06"]
[Round "3"]
[White "Carstensen, Øyvind"]
[Black "Fuglseth, Jan"]
[Result "1-0"]
[WhiteElo "1346"]
[BlackElo "1435"]
[Annotator "Fuglseth, Jan"]
[PlyCount "127"]
[EventDate "2015.07.04"]

{Dette partiet lærte meg blant annet at jeg må lære meg mer om bondesluttspill
} 1. d4 Nf6 2. b4 e6 3. a3 b6 (3... a5) 4. Nd2 d5 5. e3 Be7 (5... Bd6) 6. Bb2
Nbd7 7. Ngf3 O-O 8. c4 c5 9. Qb3 cxd4 10. Nxd4 Bb7 11. N2f3 Rc8 $15 12. Rc1 Ne4
13. Bd3 Ndf6 14. O-O Re8 $6 (14... a5) 15. Rc2 dxc4 $6 16. Bxc4 Nd5 17. Bb5 Rf8
18. Bc6 $18 Bxc6 19. Nxc6 Qd7 20. Nfe5 Qb7 $18 {(1.5) Liker meg ikke. Må finne
på noe.} 21. Nxe7+ Qxe7 22. Nc6 Rxc6 23. Rxc6 Nd2 24. Qc2 Nxf1 25. Kxf1 Qd7 26.
Be5 Nf6 27. b5 $2 Qd5 28. Bxf6 Qxb5+ 29. Qc4 Qb1+ 30. Qc1 Qd3+ 31. Ke1 gxf6 $17
{(-1.0) Det snur seg fort på vårt nivå.} 32. Rc7 Qa6 33. Qc3 Kg7 34. Rc4 h5 35.
g4 Rg8 36. gxh5 Kf8 $4 {Katastrofetrekk} (36... e5 {hadde reddet situasjonen})
37. Rc8+ Kg7 38. h6+ Kh7 {Dette er tapt for sort.} 39. Rxg8 Kxg8 40. Qxf6 Qa5+
41. Kf1 Qb5+ 42. Kg2 Qd5+ 43. Kg3 $4 {Spiller bort det meste av kjempefordelen}
(43. f3) 43... Qd6+ 44. Kh3 Qf8 45. Kg4 Kh7 46. Kf3 b5 47. Ke2 Qg8 48. Qg7+
Qxg7 49. hxg7 Kxg7 50. Kd3 e5 {Tenkte å hindre ham å komme til 4. raden på
dronningfløyen, men det ser ikke bra ut etter Ke4} 51. Kc3 $4 {Takk for
hjelpen. Nå kan vi sperre av 4. raden} a5 52. f4 $4 {Etter exf er det vunnet
for sort. Han kan ikke spre seg på to fløyer} f6 {Spiller bort alt og
stllingen beregnes til helt lik og remis} 53. fxe5 fxe5 54. Kd3 Kf6 55. Ke4 b4
$4 {Taper alt, nok en gang} (55... Ke6 56. h4 b4 57. axb4 axb4 58. Kd3 Kf5 59.
Kc4 Kg4 60. Kxb4 Kxh4 61. e4 Kg3 62. Kc3 Kf2 63. Kc2 Ke1 64. Kc1 Ke2 65. Kc2
Ke1 66. Kc1 {Remis}) 56. axb4 axb4 57. h4 {Dermed spiller hvit seg fra klar
vinst igjen, men han får den tilbake i gave.} (57. Kd3) 57... b3 58. Kd3 b2 59.
Kc2 b1=Q+ $4 (59... Kg6 60. Kxb2 Kh5 61. Kc3 Kxh4 62. e4 Kg3 63. Kc2 Kf2 64.
Kd1 Ke3 65. Ke1 Kxe4 66. Ke2 {Remis etter læreboken}) 60. Kxb1 Kg6 61. Kc2 Kh5
62. Kd3 Kxh4 63. Ke4 Kg5 64. Kxe5 {oppgitt} 1-0

[Event "Landsturneringen 2015"]
[Site "Oslo NOR"]
[Date "2015.07.06"]
[Round "3"]
[White "Jørgensen, Asle"]
[Black "Naasen, Nils"]
[Result "1-0"]
[WhiteElo "1434"]
[BlackElo "1290"]
[PlyCount "71"]
[EventDate "2015.07.04"]

1. d4 Nf6 2. c4 d5 3. Nf3 c6 4. Nc3 e6 5. Bg5 h6 6. Bh4 Nbd7 7. e3 Be7 8. Bd3
dxc4 9. Bxc4 b5 10. Bb3 Bb7 11. O-O O-O 12. Rc1 Rc8 13. Qe2 Nd5 14. Bxe7 Nxc3
15. bxc3 Qxe7 16. c4 a6 17. c5 Rfe8 18. Ne5 Nf6 19. g4 g6 20. f4 Rf8 21. Kh1
Kg7 22. Rg1 Nd7 23. Nf3 f5 24. Rg2 Kh7 25. Rcg1 Rg8 26. e4 Qf6 27. g5 hxg5 28.
Nxg5+ Kh8 29. e5 Qe7 30. Bxe6 Nxc5 31. dxc5 Qxc5 32. Rg3 Qe7 33. Rh3+ Kg7 34.
Rh7+ Kf8 35. Rxe7 Kxe7 36. h3 1-0

[Event "Landsturneringen 2015"]
[Site "Oppsal arena, Oslo NOR"]
[Date "2015.07.06"]
[Round "3"]
[White "Lea, Per"]
[Black "Ovesen, Karsten"]
[Result "0-1"]
[WhiteElo "1592"]
[BlackElo "1599"]
[Annotator "Lea, Per"]
[PlyCount "48"]
[EventDate "2015.07.04"]

1. e4 c6 2. d4 d5 3. Nc3 dxe4 4. Nxe4 Nf6 5. Nxf6+ gxf6 6. Bf4 Bf5 7. Nf3 e6 8.
Qd2 Bd6 9. O-O-O Qc7 10. Bxd6 Qxd6 11. Nh4 Bg6 12. Nxg6 {Spilt i den -
feilaktige, skulle det vise seg - tro at løperen blir sterkere enn springeren
i et eventuelt sluttspill. Men så langt som til et sluttspill kom vi jo aldri.
Riktig nok har jeg i 2 tidligere partier (mot Glenn Lewi Bekkelien (1998) og
Jan Fuglseth (2014)) slått pa g6 i liknende stillinger og vunnet, men begge
ganger etter a ha stått dårligere underveis.Neste gang lar jeg nok være.} hxg6
13. h3 Nd7 14. Kb1 O-O-O 15. g4 Kb8 16. Bg2 Nb6 17. Qe2 Qf4 18. c3 f5 19. gxf5
Qxf5+ 20. Be4 Qf4 21. Qf3 Rh4 22. Rde1 Nc4 23. Qxf4+ Rxf4 24. Re2 $4 {Blackout.
Jeg satt og var sikker på at jeg måtte miste en bonde, men så plutselig "så"
jeg en redning som dekket både løperen og bonden.} (24. Bd3 {Etter} Nb6 25. Re2
{holder hvit hodet over vannet en stund til, men de svake bondene i h- og
f-linja kan bli vanskelig å gardere i lengden.}) 24... Rxe4 $1 {Enkelt,
primitivt - og vinner umiddelbart.} 0-1